Foods By there Letter - Statistics

General Stats
  • This quiz has been taken 43 times
  • The average score is 3 of 12
Answer Stats
Letter Food % Correct
A Apple
81%
T Tomato
46%
P Pizza
42%
H Ham
38%
Y yam
35%
R Rice
23%
D Doughnut
15%
C cake
12%
O okra
12%
B brownies
0%
J Jambon
0%
U Umpa
0%
No matching quizzes found
Score Distribution
Percent of People with Each Score
Percentile by Number Answered
Your Score History
You have not taken this quiz